|
|
|
|
| LEADER |
01904nam a2200493 4500 |
| 001 |
on1091355702 |
| 003 |
OCoLC |
| 005 |
20200326101200.0 |
| 006 |
m o d |
| 007 |
cr cnu---unuuu |
| 008 |
190403s2019 xx o 000 0 eng d |
| 040 |
|
|
|a OPELS
|b eng
|e rda
|e pn
|c OPELS
|d N$T
|d UIU
|d UKMGB
|d OCLCF
|d YDX
|d GrThAP
|
| 015 |
|
|
|a GBB973479
|2 bnb
|
| 016 |
7 |
|
|a 019364852
|2 Uk
|
| 019 |
|
|
|a 1091660212
|
| 020 |
|
|
|a 9780081028575
|q (electronic bk.)
|
| 020 |
|
|
|a 0081028571
|q (electronic bk.)
|
| 020 |
|
|
|a 9780081028568
|q (print)
|
| 020 |
|
|
|a 0081028563
|q (print)
|
| 035 |
|
|
|a (OCoLC)1091355702
|z (OCoLC)1091660212
|
| 050 |
|
4 |
|a TP248.25.B53
|
| 072 |
|
7 |
|a SCI
|x 013060
|2 bisacsh
|
| 072 |
|
7 |
|a TEC
|x 009010
|2 bisacsh
|
| 072 |
|
7 |
|a PSF
|2 bicssc
|
| 082 |
0 |
4 |
|a 660
|2 23
|
| 245 |
0 |
0 |
|a Advances in biomembranes and lipid self-assembly.
|n Volume 29 /
|c edited by Aleš Iglič, Michael Rappolt, Ana J. García-Sáez.
|
| 264 |
|
1 |
|a [Place of publication not identified] :
|b Academic Press,
|c 2019.
|
| 300 |
|
|
|a 1 online resource
|
| 336 |
|
|
|a text
|b txt
|2 rdacontent
|
| 337 |
|
|
|a computer
|b c
|2 rdamedia
|
| 338 |
|
|
|a online resource
|b cr
|2 rdacarrier
|
| 588 |
0 |
|
|a Title from title details screen.
|
| 650 |
|
0 |
|a Bilayer lipid membranes
|x Biotechnology.
|
| 650 |
|
0 |
|a Liposomes.
|
| 650 |
|
7 |
|a SCIENCE / Chemistry / Industrial & Technical
|2 bisacsh
|
| 650 |
|
7 |
|a TECHNOLOGY & ENGINEERING / Chemical & Biochemical
|2 bisacsh
|
| 650 |
|
7 |
|a Bilayer lipid membranes
|x Biotechnology.
|2 fast
|0 (OCoLC)fst00831684
|
| 650 |
|
7 |
|a Liposomes.
|2 fast
|0 (OCoLC)fst00999411
|
| 655 |
|
4 |
|a Electronic books.
|
| 700 |
1 |
|
|a Iglič, Aleš,
|e editor.
|
| 700 |
1 |
|
|a Rappolt, Michael,
|e editor.
|
| 700 |
1 |
|
|a García-Sáez, Ana,
|e editor.
|
| 776 |
0 |
8 |
|c Original
|z 0081028563
|z 9780081028568
|w (OCoLC)1053583527
|
| 856 |
4 |
0 |
|3 ScienceDirect
|u https://www.sciencedirect.com/science/bookseries/24519634/29
|z Full Text via HEAL-Link
|